LEADER 01148nam a2200301 u 4500 001 000000041002 003 CaOOAMICUS 005 20070226114150.0 008 980909s1995 it u000 u ita u 020 $a8810505344 035 $a10802759 040 $aMSA$bita 100 1 $aBompiani, Adriano.$0(OLS)http://pul/name/23482 245 10$aBioetica dalla parte dei deboli /$cAdriano Bompiani. 260 $aBologna :$bDehoniane,$c1995. 300 $a636 p. ;$c21 cm 490 1 $aTrattati di etica teologica ;$v6 500 $aContiene indici. 504 $aBibliografia alla fine di ogni capitolo. 650 4$aBioetica.$0(OLS)http://pul/subject/2868 830 0$aTrattati di etica teologica ;$v6.$0(OLS)http://pul/title/39534 850 $aPUL 852 $aPUL$W1$xSL Religione 1$y3$m39 C 37$j55613$nBK-PRI$b $qStampati$B55613$CPULBib$Z2$F55613 $H $81 941 1 $a8 961 $aINV: 73083 996 $6020$a8810505344$9(OLS)http://pul/number/50969 996 $6245$aBioetica dalla parte dei deboli$9(OLS)http://pul/title/55305 996 $6260$aBologna :$bDehoniane$9(OLS)http://pul/publisher/48655 LEADER 01269nam a2200289 a 4500 001 000000133062 003 CaOOAMICUS 005 20130311104637.0 008 130311s2013 enk u001 u eng r 020 $z9781107005921* 040 $aPUL$bita 082 04$a301 100 1 $aCrewe, Emma.$0(OLS)http://pul/name/85759 245 10$aAnthropology and development :$bculture, morality and politics in a globalised world /$cEmma Crewe, Richard Axelby. 260 $aCambridge :$bCambridge University Press,$c2013. 300 $axi, 256 p. ;$c25 cm. 504 $aBibliografia: p. [238]-253. 650 4$aAntropologia sociale.$0(OLS)http://pul/subject/7186 700 1 $aAxelby, Richard.$0(OLS)http://pul/name/85760 850 $aPUL 852 $aPUL$W1$xSL Diritto e Scienze Sociali 3$y79$m301 CREEM 1$j152989$qDDC 21$B152485$CPULBib$Z2$F152485 $H121769 $82 941 1 $a9 996 $6020$z9781107005921*$9(OLS)http://pul/number/152032 996 $6082$a301$9(OLS)http://pul/classification/464 996 $6245$aAnthropology and development :$bculture, morality and politics in a globalised world$9(OLS)http://pul/title/168123 996 $6260$aCambridge :$bCambridge University Press$9(OLS)http://pul/publisher/50125